000 00306nam a22001337a 4500
020 _a978-0-273-78998-7
082 _a338.5
100 _aPerloff, Jeffrey M.
245 _aMicroeconomics with Calculus
250 _a3rd
260 _aHarlow::
_bPearson,
_c2014
300 _a800p.: ill.; 25cm
942 _cBK
999 _c22167
_d22167